Plán ako podmienka efektívneho fungovania podniku

Nevyhnutnosť zostavovania plánov a určovania stratégie pre podniky. Efektívnosť plánovacieho procesu.

Salvato in:
Dettagli Bibliografici
Autore principale: Tóthová, Alena, 1968-
Altri autori: Tóth, Miroslav, 1961-
Natura: Capitolo di libro
Lingua:slovacco
Soggetti:
Tags: Aggiungi Tag
Nessun Tag, puoi essere il primo ad aggiungerne!!

MARC

LEADER 00000naa$a2200000$$$4500
001 0136578
005 20240502072529.8
041 0 |a slo 
044 |a SK 
245 1 0 |a Plán ako podmienka efektívneho fungovania podniku  |c Alena Tóthová, Miroslav Tóth 
520 |a Nevyhnutnosť zostavovania plánov a určovania stratégie pre podniky. Efektívnosť plánovacieho procesu. 
610 2 0 |a plánovanie podnikové 
610 2 0 |a plán podnikový 
610 2 0 |a efektívnosť 
610 2 0 |a plánovanie strategické 
100 1 |a Tóthová, Alena, 1968- 
700 1 |a Tóth, Miroslav, 1961-